Алгоритм нечёткого управления процессом массового дозирования сыпучих материалов; Становление и развитие научных исследований в высшей школе; Т. 1

Bibliografiske detaljer
Parent link:Становление и развитие научных исследований в высшей школе: сборник трудов Международной научной конференции, посвященной 100-летию со дня рождения профессора А. А. Воробьева, Томск, 14-16 сентября 2009 г./ Российская академия наук (РАН) ; Ассоциация инженерного образования России (АИОР) ; Томский политехнический университет (ТПУ).— , 2009.— 978-598298-543-9
Т. 1.— 2009.— С. 255-258
Hovedforfatter: Ефремов Е. В. Евгений Викторович
Andre forfattere: Ливенцов С. В. Сергей Валерьевич
Sprog:russisk
Udgivet: 2009
Fag:
Format: MixedMaterials Book Chapter
KOHA link:https://koha.lib.tpu.ru/cgi-bin/koha/opac-detail.pl?biblionumber=194330

MARC

LEADER 00000naa2a2200000 4500
001 194330
005 20240204141941.0
035 |a (RuTPU)RU\TPU\book\211950 
090 |a 194330 
100 |a 20110412d2009 k y0rusy50 ca 
101 0 |a rus 
102 |a RU 
200 1 |a Алгоритм нечёткого управления процессом массового дозирования сыпучих материалов  |f Е. В. Ефремов, С. В. Ливенцов 
320 |a Библиогр.: 5 назв. 
461 1 |0 (RuTPU)RU\TPU\book\209137  |y 978-598298-543-9  |t Становление и развитие научных исследований в высшей школе  |o сборник трудов Международной научной конференции, посвященной 100-летию со дня рождения профессора А. А. Воробьева, Томск, 14-16 сентября 2009 г.  |f Российская академия наук (РАН) ; Ассоциация инженерного образования России (АИОР) ; Томский политехнический университет (ТПУ)  |d 2009 
463 0 |0 (RuTPU)RU\TPU\book\208670  |y 978-5-98298-545-3  |t Т. 1  |v С. 255-258  |d 2009  |p 398 с. 
610 1 |a сыпучие материалы 
610 1 |a дозирование 
610 1 |a нечеткое управление 
610 1 |a алгоритмы 
610 1 |a труды учёных ТПУ 
700 1 |a Ефремов  |b Е. В.  |c специалист в области автоматического управления  |c доцент Томского политехнического университета, кандидат технических наук  |f 1984-  |g Евгений Викторович  |3 (RuTPU)RU\TPU\pers\25462  |9 11401 
701 1 |a Ливенцов  |b С. В.  |c специалист в области ядерных технологий  |c техник Томского политехнического университета  |f 1985-  |g Сергей Валерьевич  |3 (RuTPU)RU\TPU\pers\31591 
801 1 |a RU  |b 63413507  |c 20110412 
801 2 |a RU  |b 63413507  |c 20150907  |g RCR 
942 |c BK